000 00394nam a2200145Ia 4500
008 230627s9999 xx 000 0 und d
020 _a81-7534-183-1
041 _aeng
082 _a346.018
_bDIW
100 _aDiwan P
245 _aLaw Of Adoption Minority Guardianship And Custody
250 _a3ed.
260 _aDelhi
_bUniversal Law Publishing Co.Pvt.Ltd.
_c2000
700 _a Diwan P.,
999 _c702752
_d702752